Geology of the Aspen 15-minute quadrangle, Pitkin and Gunnison Counties, Colorado /

Bibliographic Details
Main Author: Bryant, Bruce, 1930- (Author)
Format: Government Document eBook
Language:English
Published: Washington : United States Department of the Interior, Geological Survey, 1979.
Series:Geological Survey professional paper ; 1073.
Subjects:
Online Access:https://purl.fdlp.gov/GPO/gpo90731

MARC

Tag First Indicator Second Indicator Subfields
LEADER 00000cam a2200000 i 4500
001 in00004041913
005 20181023093613.0
006 m o d f
007 cr mn|||||||||
008 141123s1979 dcuab ob f001 0 eng c
035 |a (OCoLC)ocn896810628 
040 |a COP  |b eng  |e rda  |e pn  |c COP  |d OCLCO  |d OCLCF  |d GPO  |d MvI  |d UtOrBLW 
042 |a pcc 
043 |a n-us-co 
049 |a WWW 
074 |a 0624 (online) 
086 0 |a I 19.16:1073 
100 1 |a Bryant, Bruce,  |d 1930-  |e author.  |0 http://id.loc.gov/authorities/names/n83164105 
245 1 0 |a Geology of the Aspen 15-minute quadrangle, Pitkin and Gunnison Counties, Colorado /  |c by Bruce Bryant. 
264 1 |a Washington :  |b United States Department of the Interior, Geological Survey,  |c 1979. 
300 |a 1 online resource (vi, 146 pages) :  |b illustrations, maps. 
336 |a text  |b txt  |2 rdacontent 
337 |a computer  |b c  |2 rdamedia 
338 |a online resource  |b cr  |2 rdacarrier 
490 1 |a Geological Survey professional paper ;  |v 1073 
500 |a Title from title screen (viewed October 6, 2014). 
500 |a "A study of an area at the intersection of the Colorado mineral belt with the west flank of the Sawatch uplift." 
504 |a Includes bibliographical references (pages 123-128) and index. 
650 0 |a Geology  |z Colorado  |z Gunnison County. 
650 0 |a Geology  |z Colorado  |z Pitkin County. 
650 0 |a Mines and mineral resources  |z Colorado  |z Gunnison County. 
650 0 |a Mines and mineral resources  |z Colorado  |z Pitkin County. 
650 7 |a Geology.  |2 fast  |0 (OCoLC)fst00940627 
650 7 |a Mines and mineral resources.  |2 fast  |0 (OCoLC)fst01022541 
651 7 |a Colorado  |z Aspen Region.  |2 fast  |0 (OCoLC)fst01343183 
710 2 |a Geological Survey (U.S.),  |e issuing body.  |0 http://id.loc.gov/authorities/names/n80092173 
776 0 8 |i Print version:  |a Bryant, Bruce, 1930-.  |t Geology of the Aspen 15-minute quadrangle, Pitkin and Gunnison Counties, Colorado  |w (DLC) 78606144  |w (OCoLC)3705659 
830 0 |a Geological Survey professional paper ;  |v 1073.  |0 http://id.loc.gov/authorities/names/n42012105 
856 4 0 |u https://purl.fdlp.gov/GPO/gpo90731  |t 0 
999 f f |s 2db0c504-5537-328b-93d7-081e0d70676a  |i 18160838-a2d1-32bd-8c8a-d60acd7640fa  |t 0 
952 f f |a Texas A&M University  |b College Station  |c Electronic Resources  |d Available Online  |t 0  |e I 19.16:1073  |h Superintendent of Documents classification 
998 f f |a I 19.16:1073  |t 0  |l Available Online